|
|
|
|
| LEADER |
00000nam a2200000 a 4500 |
| 001 |
UCH3927 |
| 003 |
CL-VaPUC |
| 008 |
090818e19960000CL |||||||||||||||||spa|d |
| 020 |
|
|
|a 956201259X
|
| 082 |
0 |
4 |
|a 510
|b ORE
|2 21
|
| 100 |
|
|
|a Orellana Silva, Julio
|e autor
|9 485627
|
| 700 |
0 |
|
|a Bernand W, Gladys
|e author
|9 539409
|
| 245 |
1 |
0 |
|a Matemáticas I. Libro de ejercicios: primer año medio
|
| 250 |
|
|
|a 1a. ed
|
| 300 |
|
|
|a 95 p
|
| 942 |
|
|
|c BK
|
| 945 |
|
|
|d 20090818 00:00:00
|a ccalabra
|
| 260 |
|
|
|a Santiago
|b Dolmen
|c 1996
|
| 650 |
|
0 |
|a Educación
|9 258661
|
| 650 |
|
0 |
|a Geometría
|9 264063
|
| 650 |
|
0 |
|a Álgebra
|9 259567
|
| 650 |
|
7 |
|a EJERCICIOS MATEMATICOS
|2 CL-VaPUC
|9 459962
|
| 583 |
|
|
|a last modification
|c 20090818 00:00:00
|k Rodrigo Vera
|
| 490 |
0 |
|
|a Educación
|
| 999 |
|
|
|c 335331
|d 335329
|